| 000 -LEADER |
| fixed length control field |
01169nam a22001457a 4500 |
| 008 - FIXED-LENGTH DATA ELEMENTS--GENERAL INFORMATION |
| fixed length control field |
210917b ||||| |||| 00| 0 eng d |
| 100 ## - MAIN ENTRY--PERSONAL NAME |
| Personal name |
Bau, Natalie |
| 245 ## - TITLE STATEMENT |
| Title |
Can policy change culture: Government pension plans and traditional kinship practices |
| 260 ## - PUBLICATION, DISTRIBUTION, ETC. (IMPRINT) |
| Place of publication, distribution, etc |
The American Economic Review |
| 300 ## - PHYSICAL DESCRIPTION |
| Extent |
111(6), Jun, 2021: p.1880-1917 |
| 520 ## - SUMMARY, ETC. |
| Summary, etc |
Policies may change the incentives that allow cultural practices to persist. To test this, I study matrilocality and patrilocality, kinship traditions that determine daughters' and sons' post-marriage residences, and thus, which gender lives with and supports parents in their old age. Two separate policy experiments in Ghana and Indonesia show that pension policies reduce the practice of these traditions. I also show that these traditions incentivize parents to invest in the education of children who traditionally coreside with them. Consequently, when pension plans change cultural practices, they also reduce educational investment. This finding further demonstrates that policy can change culture. – Reproduced |
| 773 ## - HOST ITEM ENTRY |
| Main entry heading |
The American Economic Review |
| 906 ## - LOCAL DATA ELEMENT F, LDF (RLIN) |
| Subject DIP |
PENSION |
| 942 ## - ADDED ENTRY ELEMENTS (KOHA) |
| Item type |
Articles |